US Territories - Sudden Death - Statistics

General Stats
  • This quiz has been taken 610 times
  • The average score is 7 of 16
Answers on the Grid
Answers color-coded by a green-red scale on the quiz's grid according to % correct below.
Puerto Rico
American Samoa
U. S. Virgin Islands
Northern Mariana Islands
Guam
Baker Island
Jarvis Island
Johnston Atoll
Kingman Reef
Howland Island
Midway Island
Navassa Island
Wake Island
Palmyra Atoll
Serranilla Bank
Bajo Nuevo Bank
Alaska
Hawaii
Niue
Panama
Cuba
Saint Martin
Marshall Islands
Philippines
Micronesia
Nauru
Kiribati
Tokelau
Palau
Otowae Island
 
Answer Stats
Answer % Correct
U. S. Virgin Islands
69%
Guam
67%
Puerto Rico
67%
American Samoa
61%
Northern Mariana Islands
49%
Midway Island
44%
Wake Island
39%
Johnston Atoll
35%
Baker Island
34%
Howland Island
33%
Jarvis Island
31%
Kingman Reef
31%
Palmyra Atoll
29%
Navassa Island
25%
Serranilla Bank
21%
Bajo Nuevo Bank
19%
No matching quizzes found
Score Distribution
Percent of People with Each Score
Percentile by Number Answered
Your Score History
You have not taken this quiz